A TEXTBOOK OF PHARMACEUTICAL ANALYSIS FOR 1ST YEAR. B. PHARMA[SEM-1] (Record no. 8914)

MARC details
000 -LEADER
fixed length control field 00530nam a22001817a 4500
005 - DATE AND TIME OF LATEST TRANSACTION
control field 20251126175042.0
008 - FIXED-LENGTH DATA ELEMENTS--GENERAL INFORMATION
fixed length control field 251119b |||||||| |||| 00| 0 eng d
020 ## - INTERNATIONAL STANDARD BOOK NUMBER
ISBN 978-93-91-208-26-4
041 ## - LANGUAGE CODE
Language code of text/sound track or separate title eng
082 ## - DEWEY DECIMAL CLASSIFICATION NUMBER
Classification number 543 DHI-T
100 ## - MAIN ENTRY--AUTHOR NAME
Personal name DHIVAR, MRS MAUSMI HIREN
245 ## - TITLE STATEMENT
Title A TEXTBOOK OF PHARMACEUTICAL ANALYSIS FOR 1ST YEAR. B. PHARMA[SEM-1]
250 ## - EDITION STATEMENT
Edition statement 1ST ED. 2022
260 ## - PUBLICATION, DISTRIBUTION, ETC. (IMPRINT)
Place of publication NEW DELHI
Name of publisher INNOVATIVE PUBLICATIONS PVT LTD
Year of publication 2023
300 ## - PHYSICAL DESCRIPTION
Number of Pages 254;P
650 ## - SUBJECT ADDED ENTRY--TOPICAL TERM
Topical Term PHARMACY
General subdivision B. PHARMA[SEM
942 ## - ADDED ENTRY ELEMENTS (KOHA)
Koha item type Books
Holdings
Lost status Damaged status Collection code Home library Current library Date acquired Source of acquisition Cost, normal purchase price Full call number Accession Number Koha item type
    PHARMACY JRU Library JRU Library 14/11/2025 PURCHASE 450.00 543 29022 Books